Management of organizational behavior : leading human resources /

Сохранить в:
Библиографические подробности
Главный автор: Hersey, Paul
Другие авторы: Blanchard, Kenneth H., Johnson, Dewey E.
Формат:
Опубликовано: Upper Saddle River, N.J. : Prentice Hall, c2001.
Редактирование:8th ed.
Предметы:
Метки: Добавить метку
Нет меток, Требуется 1-ая метка записи!

MARC

LEADER 00000cam a22000004a 4500
020 |a 9780130175984  |c TZs.6732.75 
040 |a MUL  |b eng  |e AACR 
082 0 0 |a 658.3 HER 
100 1 |a Hersey, Paul. 
245 1 0 |a Management of organizational behavior :  |b leading human resources /  |c Paul Hersey, Kenneth H. Blanchard and Dewey E. Johnson. 
250 |a 8th ed. 
260 |a Upper Saddle River, N.J. :  |b Prentice Hall,  |c c2001. 
300 |a xxiv, 516 p. :  |b ill. ;  |c 24 cm. 
504 |a Includes bibliographical references (p. 480-497) and index. 
650 0 |a Organizational behavior. 
650 0 |a Management. 
650 0 |a Leadership. 
700 1 |a Blanchard, Kenneth H. 
700 1 |a Johnson, Dewey E. 
942 |c BK 
999 |c 4832  |d 4832